| 000 | 00347 a2200145 4500 | ||
|---|---|---|---|
| 001 | 155502 | ||
| 040 | _cEscola São Tomás de Aquino | ||
| 100 | _aLINS, Claúdia | ||
| 240 | 1 | 0 |
_aTem oba-oba no baobá _lpor |
| 245 | 1 | 0 | _aTem oba-oba no baobá |
| 300 | _a29 | ||
| 440 | 1 | _aPaulinas | |
| 697 | _aFolclore / Adivinhações / Lendas | ||
| 942 | _cBK | ||
| 999 |
_c155502 _d155502 |
||